|
|
|
|
| LEADER |
00000nam a22000007a 4500 |
| 005 |
20200109224318.0 |
| 007 |
cr|||| |||| |
| 008 |
200109s2019 co |||||s|||| 00||0 spa d |
| 020 |
|
|
|a 978-958-784-263-0
|
| 035 |
|
|
|a 30937
|
| 040 |
|
|
|a vLex
|
| 090 |
|
|
|c 10105
|d 10105
|
| 100 |
1 |
|
|a Rivera-Rodrg̕uez, Hugo Alberto
|
| 245 |
1 |
0 |
|a Turbulencia empresarial
|h [Recurso electrn̤ico] :
|b Lecciones aprendidas /
|c Hugo Alberto Rivera-Rodrg̕uez
|
| 256 |
|
|
|a Servicio en ln̕ea
|
| 260 |
|
|
|a Bogot:̀
|b Editorial Universidad de Rosario (Colombia),
|c 2019
|
| 300 |
|
|
|a 1 recurso electrn̤ico
|
| 500 |
|
|
|a La literatura sobre estrategia indica que una empresa es mejor que otras porque enfrenta adecuadamente la turbulencia del entorno. ¿Pero qu ̌es realmente la turbulencia en el campo empresarial?, ¿cm̤o se genera?, ¿cm̤o se mide? y ¿cm̤o se enfrenta? Estos interrogantes se desarrollan en este texto dirigido a todos los apasionados en el estudio y la gestin̤ de las empresas. En ľ se sintetizan los hallazgos de la investigacin̤ realizada en la Escuela de Administracin̤ de la Universidad del Rosario en el tema de la turbulencia desde la perspectiva de la estrategia, el liderazgo, la realidad empresarial y las finanzas. Esta obra tiene como props̤ito dar a conocer las diferentes visiones sobre la turbulencia y presentar alternativas para lograr gestionar esa situacin̤ que puede provocar la muerte de las empresas. Palabras clave: Turbulencia, estrategia, recuperacin̤ organizacional, resiliencia, teora̕ de la firma, liderazgo, coevolucin̤.
|
| 506 |
1 |
|
|a Disponible solo en los productos indicados
|d vLex Global
|d vLex Global (Academic Edition, excluding Law Schools)
|d vLex Global (U.S. Academic Edition, Law Schools)
|d vLex Global (U.S. Academic Edition, excluding Law Schools)
|d vLex Global (Academic Edition, Law Schools)
|
| 650 |
0 |
4 |
|a Derecho Mercantil y de la Empresa
|z Colombia
|
| 740 |
0 |
|
|a vLex Libros (Servicio en ln̕ea)
|
| 856 |
4 |
0 |
|u http://vlex.com/source/turbulencia-empresarial-lecciones-aprendidas-30937
|z Acceso restringido
|
| 942 |
|
|
|c BOOK
|
| 999 |
0 |
|
|a Commercial and Business Law
|